00587nam a2200157 i 450000100060000000300090000600500170001500700030003200800410003510000390007624501400011526000300025530000210028550000890030685200340039581331ES-MaACL20230906174421.0t|041104s1952 sp ||||1| spa d1 aHoyos Sáinz, Luis de,d1868-195114aLos tipos raciales regionales actuales b: las bases para el establecimiento de las regiones españolas / cpor Luis de Hoyos Sáinz. aMadrid : b[s.n., c1952] a52 p. ; c24 cm. aEs separata de: Revista de Antropología y Etnología. T. /, 1952. Pág. 365-416. aES-MaACLj1973-F-11 bR.37252